Confección de planos constructivos de un sistema para el tratamiento de aguas residuales especiales: memoria de cálculo, manual de operación y mantenimiento del sistema
Bewaard in:
| Hoofdauteur: | |
|---|---|
| Formaat: | Boek |
| Gepubliceerd in: |
[San José], Costa Rica
2009
|
| Onderwerpen: | |
| Tags: |
Voeg label toe
Geen labels, Wees de eerste die dit record labelt!
|
MARC
| LEADER | 00000nam a2200000Ia 4500 | ||
|---|---|---|---|
| 003 | 001642 | ||
| 005 | 20221231144037.0 | ||
| 008 | 140114s2009 cr a 000 ||s d | ||
| 040 | |c cru CEDI | ||
| 090 | |a TFG 6151 | ||
| 100 | |a Porras Mora, Orlando |9 3101 | ||
| 245 | |a Confección de planos constructivos de un sistema para el tratamiento de aguas residuales especiales: memoria de cálculo, manual de operación y mantenimiento del sistema | ||
| 260 | |c 2009 |b [San José], Costa Rica | ||
| 500 | |a Tesis (magister en ingeniería química con énfasis en ingeniería ambiental)--Universidad de Costa Rica. Sistema de Estudios de Posgrado | ||
| 650 | |x PURIFICACION DE AGUAS RESIDUALES |x PLANTAS PARA TRATAMIENTO DE AGUAS RESIDUALES |x DISEÑO Y CONSTRUCCION |x AGUAS RESIDUALES |x MANUALES |9 3102 | ||
| 942 | |c TFG | ||
| 999 | |c 16064 |d 16064 | ||
